Teaching the elephant to dance : empowering change in your organization
| Main Author: | |
|---|---|
| Format: | Book |
| Published: |
London :
Hutchinson Business Books ,
1990
|
| Subjects: |
MARC
| LEADER | 00000cam a2200000 7i4500 | ||
|---|---|---|---|
| 001 | 0000000645 | ||
| 002 | 000000739 | ||
| 005 | 20000330.0 | ||
| 020 | |a 0091744903 | ||
| 090 | 0 | 0 | |a 658.406 |b BEL |
| 100 | 0 | |a Belasco, James A | |
| 245 | 1 | 0 | |a Teaching the elephant to dance : |b empowering change in your organization |c James A. Belasco |
| 260 | |a London : |b Hutchinson Business Books , |c 1990 | ||
| 300 | |a 276p ; |c 24cm. | ||
| 650 | 0 | 0 | |a Companies, organizational change |x Management |
| 999 | |a 030652 |b BUKU |c PINJAMAN |e PERPUSTAKAAN KOMUNITI PETALING JAYA | ||